书目信息 |
| 题名: |
文化的力量:影响人类的100书 下
|
|
| 作者: | 李小兵 主编 | |
| 分册: | ||
| 出版信息: | 北京 团结出版社 1999.03 |
|
| 页数: | 1010页 | |
| 开本: | 32开 | |
| 丛书名: | ||
| 单 册: | ||
| 中图分类: | I106 | |
| 科图分类: | ||
| 主题词: | 文学--世界 | |
| 电子资源: | ||
| ISBN: | 7-80130-049-1 | |
| 000 | 00592nam0 2200193 45 | |
| 001 | 0010220927 | |
| 005 | 20001022092924.9 | |
| 010 | @a7-80130-049-1@d19.90元 | |
| 100 | @a20001022d1999 km y0chiy0120 ea | |
| 101 | 0 | @achi |
| 105 | @a z 000yy | |
| 200 | 1 | @a文化的力量:影响人类的100书 下@AWen Hua De Li Liang:Ying Xiang Ren Lei De 100 Shu Xia@f李小兵 主编@FLi Xiao Bing Zhu Bian |
| 210 | @a北京@c团结出版社@d1999.03 | |
| 215 | @a1010页@d32开 | |
| 606 | 0 | @a文学@x世界 |
| 690 | @aI106@v3 | |
| 701 | 0 | @a李小兵@4主编 |
| 801 | @aCN@bPftUser@c20001022 | |
| 905 | @dI106@eL070:2@b181496-498@f3 | |
| 文化的力量:影响人类的100书 下/李小兵 主编.-北京:团结出版社,1999.03 |
| 1010页;32开 |
| ISBN 7-80130-049-1:19.90元 |
| ● |
| 相关链接 |
|
|
|
正题名:文化的力量:影响人类的100书下
索取号:I106/L070:2
 
预约/预借
| 序号 | 登录号 | 条形码 | 馆藏地/架位号 | 状态 | 备注 |
| 1 | 181496 | 201814965 | 社科二线400B/400B社科库 16排1列4层/ [索取号:I106/L070:2] | 在馆 | |
| 2 | 181497 | 201814974 | 社科二线400B/400B社科库 20排4列6层/ [索取号:I106/L070:2] | 在馆 | |
| 3 | 181498 | 201814983 | 文学库108/108文学库 1排6列2层/ [索取号:I106/L070:2] | 在馆 |